=LDR 00000nam 2200000 4500 =001 INLIS000000000031006 =005 20130612133115 =008 ***********************************ind** =035 ##$$a0010-061300000031006 =041 ##$$a ind =082 ##$$a 629.892 =090 ##$$a 629.892, Pit r =100 ##$$a Pitowarno, Endra =245 ##$$a Robotika desain, Kontrol, dan kecerdasan buatan, oleh Endra Pitowarno; editor, Dhewiberta Hardiono =260 ##$$a 2006 $b Yogyakarta =300 ##$$a xiv,347 hlm, ilus, 21 cm =650 ##$$a Robot =850 ##$$a NBPNMAT =990 ##$$a 21400613/BPAP-NTB/20142014